005800000a220012100045001000033000002450127000332600025001603000011001855000058001965020096002545200103003500010005004531 aRíos Mejía, Gloria Elena10a'Oid hijos la enseñanza...': Aspectos bíblicos de la educación a partir de Proverbios / Gloria Elena Ríos Mejía aMedellín, Colombia a84 Pag aTesis (licenciatura)--Seminario Bíblico de Colombia aPresidente del jurado: Gerardo Van Ek; Jurado: Ana María de Voelkel; Jurado: Hugo Vélez a- Educación oriental y educación occidental - Educación hebrea - Proverbios y la educación4179